Marketing management : (Record no. 51060)

MARC details
000 -LEADER
fixed length control field 00991nam a22002777a 4500
005 - DATE AND TIME OF LATEST TRANSACTION
control field 20110315123254.0
008 - FIXED-LENGTH DATA ELEMENTS--GENERAL INFORMATION
fixed length control field 110315t xxu||||| |||| 00| 0 eng d
010 ## - LCCN (DPL NO)
LC control number ENG-102129
020 ## - INTERNATIONAL STANDARD BOOK NUMBER
International Standard Book Number 9780071067737
Terms of availability 249.00
020 ## - INTERNATIONAL STANDARD BOOK NUMBER
International Standard Book Number 0071067736
Terms of availability 249.00
035 ## - SYSTEM CONTROL NUMBER
System control number EN-85662
037 ## - SOURCE OF ACQUISITION
Source of stock number/acquisition DBAD/PUB
040 ## - CATALOGING SOURCE
Original cataloging agency dpl
Language of cataloging Eng
082 00 - DEWEY DECIMAL CLASSIFICATION NUMBER
Classification number 658.8
100 1# - MAIN ENTRY--PERSONAL NAME
Personal name Chandrasekar, K. S.
9 (RLIN) 26588
245 10 - TITLE STATEMENT
Title Marketing management :
Statement of responsibility, etc by K.S. Chandrasekar
Remainder of title text and cases /
260 ## - PUBLICATION, DISTRIBUTION, ETC. (IMPRINT)
Place of publication, distribution, etc New Delhi
Name of publisher, distributor, etc Tata McGraw-Hill
Date of publication, distribution, etc 2010
270 ## - ADDRESS
Address 7, West Patel Nagar
City New Delhi
Postal code 110008
300 ## - PHYSICAL DESCRIPTION
Extent xviii, 538 p.
Dimensions 24 cm (pbk)
500 ## - GENERAL NOTE
General note Includes index.
650 #0 - SUBJECT ADDED ENTRY--TOPICAL TERM
9 (RLIN) 26589
650 #0 - SUBJECT ADDED ENTRY--TOPICAL TERM
9 (RLIN) 26590
942 ## - ADDED ENTRY ELEMENTS (KOHA)
Source of classification or shelving scheme Dewey Decimal Classification
Item type English Books
Classification part 658.8
Call number suffix CHA
Holdings
Withdrawn status Lost status Source of classification or shelving scheme Damaged status Not for loan Collection code Home library Current library Date acquired Source of acquisition Cost, normal purchase price Total Checkouts Full call number Barcode Date last seen Copy number Cost, replacement price Koha item type
    Dewey Decimal Classification   Not For Loan Non-fiction D.B.Act.Division D.B.Act.Division 15/03/2011 DBAD/PUB 249.00   658.8 CHA EN-85662 15/03/2011 1 249.00 English Books

© Delhi Public Library
Hit Counter
free hit counter